000 01179cam a2200313 i 4500
001 zz2007900569
003 NUKAT
005 20260331075014.0
008 070115s1954 pl a g |000 0 pol c
035 _a(OCoLC)749400172
035 _a(NUKAT)zz2007900569
040 _aWR U/PAd
_cWR U/jm
_dWR U/jm
_dGD PAN/JMSs
041 1 _apol
_hrus
100 1 _aLenin, Vladimir Ilʹič
_d(1870-1924).
_928927
245 1 0 _aDzieła.
_nT. 28
_pLipiec 1918 - marzec 1919 /
_cW. I. Lenin.
260 _aWarszawa :
_bKsiążka i Wiedza,
_c1954.
300 _aX, 558 s., [3] k. tabl. (w tym 1 złoż.) ;
_c20 cm.
336 _aTekst
_btxt
_2rdacontent
337 _aBez urządzenia pośredniczącego
_bn
_2rdamedia
338 _aWolumin
_bnc
_2rdacarrier
380 _aKsiążki
500 _aPrzekład z czwartego wyd. ros. przygotowanego przez Instytut Marksa-Engelsa-Lenina przy KC WKP (b).
610 2 7 _aMiędzynarodówka Komunistyczna.
_2kaba
_933799
650 7 _aMarksizm
_2DBN
_939280
650 7 _aMarksizm-leninizm
_vźródła.
_2kaba
_934629
651 7 _aZwiązek Radziecki
_xpolityka i rządy
_y1917-1928.
_2kaba
_939281
655 7 _aPublicystyka
_2DBN
_935056
942 _2ddc
_cBK_NM
999 _c27369
_d27369